01053 2200325 4500001002100000005001500021035002000036007000300056008004100059336002100100337002300121338003800144040002200182100003400204245007700238300003200315504003300347020001800380082001200398084001400410264005400424500006900478500001100547650001800558850001200576852002000588856007500608990002200683990002200705INLIS00000000086577420211028091719 a0010-1021000694ta211028s2001 yoia gs 1 ind d 2rdacontentateks 2rdamediaakomputer 2rdacarrierasumber sambung jaring aYOPDYOGbinderda0 aPeter Soedojod1933-epenulis10aAzas-azas ilmu fisika jilid 4 :bfisika modern /cpenulis, Peter Soedojo a1 berkas komputer (12,1 MB) aBibliografi: halaman 384-385 a979-420-483-804223a539 a539 PET a31aYogyakarta :bGadjah Mada University Press,c2001 aUntuk mengakses buku ini silakan unduh aplikasi http://ijogja.id aIndeks 4aFisika modern aYOPDYOG8 aAplikasi iJogja40nPerpustakaan Digital iJogjauhttp://ijogja.id/publications/books/16292 a004129-EPD/B.2016 a004130-EPD/B.2016